000 00799nam a2200253Ia 4500
003 OSt
005 20221005103114.0
006 a|||||r|||| 00| 0
007 ta
008 221004b |||||||| |||| 00| 0 hin d
024 _a107515
037 _cTextual
040 _aCRL
_cCRL
_bhin
041 _2hin
_ahin
082 _aO152,3M80:g, K7;M3
100 _aप्रेमचंद
245 0 _aसाहित्य का उद्देश्य
246 _aSāhitya kā uddeshya
260 _aइलाहाबाद
_bहंस प्रकाशन भारत
_c1983
300 _a195पृ0
_ccm.
650 _aहिन्दी साहित्य
942 _hO152,3M80:g, K7;M3
_cTEXL
_2cc
999 _c1009464
_d1009464